Zoography science (Record no. 395155)

MARC details
000 -LEADER
fixed length control field 00442 a2200181 4500
005 - DATE & TIME
control field 20260128105326.0
008 - FIXED-LENGTH DATA ELEMENTS--GENERAL INFORMATION
fixed length control field 260127b |||||||| |||| 00| 0 eng d
020 ## - ISBN
International Standard Book Number 9789383101856
Price Rs. 1950.00
040 ## - CATALOGING SOURCE
Original cataloging agency VIVEKANANDA LIBRARY
082 ## - DDC NUMBER
Classification number 590.75
Book Number J953Z
100 ## - MAIN ENTRY--PERSONAL NAME
Personal name Juneja, M S
245 ## - TITLE STATEMENT
Title Zoography science
260 ## - PUBLICATION, DISTRIBUTION, ETC. (IMPRINT)
Name of publisher, distributor, etc Agrotech Press
Date of publication, distribution, etc 2025
Place of publication, distribution, etc Jaipur
300 ## - PHYSICAL DESCRIPTION
Pages 248
650 ## - Subject
Subject Zoology
650 ## - Subject
Subject Zoological Description
942 ## - ADDED ENTRY ELEMENTS (KOHA)
Koha item type Books
Holdings
Withdrawn status Lost status Source of classification or shelving scheme Damaged status Not for loan Location (home branch) Sublocation or collection (holding branch) Shelving location Date acquired Koha issues (times borrowed) Koha full call number Accession No. Koha date last seen Koha item type
    Dewey Decimal Classification     VIVEKANANDA LIBRARY VIVEKANANDA LIBRARY Vivekananda Library 07/01/2026   1950.00 443949 07/01/2026 Books
© Designed and Maintained by Vivekananda Library, MDU Rohtak